Indian & World Cricket (Record no. 2926)
[ view plain ]
| 000 -LEADER | |
|---|---|
| fixed length control field | 00232nam a22000857a 4500 |
| 008 - FIXED-LENGTH DATA ELEMENTS--GENERAL INFORMATION | |
| fixed length control field | 160831b xxu||||| |||| 00| 0 eng d |
| 100 ## - MAIN ENTRY--PERSONAL NAME | |
| 9 (RLIN) | 268 |
| Personal name | Chaturvedi S |
| 245 ## - TITLE STATEMENT | |
| Title | Indian & World Cricket |
| 260 ## - PUBLICATION, DISTRIBUTION, ETC. (IMPRINT) | |
| Place of publication, distribution, etc. | New Delhi |
| Name of publisher, distributor, etc. | National Book Trust |
| Date of publication, distribution, etc. | 2007 |
| Withdrawn status | Lost status | Source of classification or shelving scheme | Damaged status | Koha normalized classification for sorting | Not for loan | Home library | Current library | Shelving location | Date acquired | Total Checkouts | Full call number | Barcode | Date last seen | Date last checked out | Price effective from | Koha item type |
|---|---|---|---|---|---|---|---|---|---|---|---|---|---|---|---|---|
| Dewey Decimal Classification | CHA_796_000000000000000_C9 | Good Samaritan School Library | Good Samaritan School Library | Sports & Games | 08/31/2016 | 1 | CHA796 C-9 | CHA7769 | 09/14/2016 | 08/31/2016 | 08/31/2016 | Reference |